Vláknité mikromycety (plísně), mykotoxiny a zdraví človek
Salvato in:
| Autori principali: | , |
|---|---|
| Natura: | Libro |
| Lingua: | ceco |
| Pubblicazione: |
Brno :
Národní centrum ošetřovatelství a nelékařských zdravotnických oborů,
2003
|
| Tags: |
Nessun Tag, puoi essere il primo ad aggiungerne!!
|
MARC
| LEADER | 00000nam a22000003a 4500 | ||
|---|---|---|---|
| 001 | stu91043 | ||
| 005 | 20150617225625.7 | ||
| 008 | 041015s2003----xr------------------cze-d | ||
| 020 | |a 80-7013-395-3 | ||
| 040 | |a STU |b slo | ||
| 041 | 0 | |a cze | |
| 044 | |a xr | ||
| 080 | |a 582.28 |7 stu_us_auth*stu9116 | ||
| 100 | 1 | |a Malíř, František |4 aut | |
| 245 | 1 | |a Vláknité mikromycety (plísně), mykotoxiny a zdraví človek | |
| 260 | |a Brno : |b Národní centrum ošetřovatelství a nelékařských zdravotnických oborů, |c 2003 | ||
| 300 | |a 349 s. Obr.,tab.lit | ||
| 700 | 1 | |a Ostrý, Vladimír |4 aut | |
| 996 | |b C98085 |c C*98085 |l CCXI |s P |a 0 |w stu91043_0001 | ||